Normal view
MARC view
Entry Topical Term
001 - CONTROL NUMBER
- control field: 17296
003 - CONTROL NUMBER IDENTIFIER
- control field: BD-RjUL
005 - DATE AND TIME OF LATEST TRANSACTION
- control field: 20251109113954.0
008 - FIXED-LENGTH DATA ELEMENTS
- fixed length control field: 251109|| aca||aabn | a|a d
040 ## - CATALOGING SOURCE
- Original cataloging agency: BD-RjUL
- Transcribing agency: BD-RjUL
150 ## - HEADING--TOPICAL TERM
- Topical term or geographic name entry element: Urdu literature History and criticism
670 ## - SOURCE DATA FOUND
- Source citation: Work cat.: (BD-RjUL)85929: آب حىات : ىعنى مشاهىر شعراۓ اردو کى سوانح عمرى اور زبان مزکور کى عهد بعهد کى ترقىوں اور اصلاحوں کا بىان / Āb-i ḥayāt : yaʻnī, mashāhīr-i shuʻrā-yi Urdū kī savāniḥ ʻumrī aur zabān-i maz̲kūr kī ʻahd baʻhad kī taraqqiyon̲ aur iṣlāḥon̲ kā bayān /, 1967